000 00869cam a22002413a 4500
001 2061
003 PGUSA
005 20140828083010.0
008 000201s2000||||xxu|||||s|||||000 e eng d
040 _aPGUSA
_beng
042 _adc
050 4 _aPR
100 1 _aWilde, Oscar,
_d1854-1900
245 1 0 _aShorter Prose Pieces
_h[electronic resource] /
_cOscar Wilde
260 _bProject Gutenberg,
_c2000
505 0 _aPhrases and philosophies for the use of the young -- Mrs. Langtry as Hester Grazebrook -- Slaves of fashion -- Woman's dress -- More radical ideas upon dress reform -- Costume -- The American invasion -- Sermons in stones at Bloomsbury -- L'envoi.
506 _aPublic domain in the USA.
516 _aElectronic text
653 _aEssays
830 0 _aProject Gutenberg
_v2061
856 4 0 _uhttp://www.gutenberg.org/ebooks/2061
942 _cEB
999 _c231400
_d231400